RENOME - testování věrnostního programu

Renome znamená dobré meno firmy - názov RENOME pre vernostný program prijalo združenie šiestich značiek, pôsobiacich v oblasti módy a kozmetiky. Vernostné programy sú schopné ponúknuť zákazníkom benefity, ktoré pre nich predstavujú dôležité subjektívne hodnoty. Vernostné programy považujeme za osved...

Full description

Saved in:
Bibliographic Details
Main Author: Hlaváček, Jiří
Format: Book Chapter
Language:Czech
Subjects:
Tags: Add Tag
No Tags, Be the first to tag this record!

MARC

LEADER 00000naa$a2200000$$$4500
001 0037626
005 20231114075221.7
041 0 |a cze 
044 |a CZ 
245 1 0 |a RENOME - testování věrnostního programu  |c Jiří Hlaváček 
520 |a Renome znamená dobré meno firmy - názov RENOME pre vernostný program prijalo združenie šiestich značiek, pôsobiacich v oblasti módy a kozmetiky. Vernostné programy sú schopné ponúknuť zákazníkom benefity, ktoré pre nich predstavujú dôležité subjektívne hodnoty. Vernostné programy považujeme za osvedčenú marketingovú stratégiu. Vyššia úroveň vernostného programu RENOME. 
610 2 0 |a marketing 
610 2 0 |a výskum 
610 2 0 |a stratégia marketingová 
610 2 0 |a nástroje marketingové 
610 2 0 |a zákazníci 
610 2 0 |a testy 
100 1 |a Hlaváček, Jiří